|
|
|
|
| LEADER |
00000nab a2200000 a 4500 |
| 001 |
vtls001561139 |
| 003 |
SK-MaSNL |
| 005 |
20260303205152.0 |
| 008 |
050421c2005 xo mr|p|||||||000 b|slo |
| 015 |
|
|
|a SNBRB2005/02
|2 snkbucl
|
| 038 |
|
|
|a SNKBUCL
|
| 040 |
|
|
|a SNKBUCL
|b slo
|c SNKBUCL
|e AACR2
|
| 041 |
0 |
|
|a slo
|
| 044 |
|
|
|a xo
|c SK
|
| 080 |
|
|
|a 78.079:78.087.6:783
|2 UDC-MRF-SK2
|
| 080 |
|
|
|a 78.087.6:783
|2 UDC-MRF-SK2
|
| 080 |
|
|
|a 783
|2 UDC-MRF-SK2
|
| 100 |
1 |
|
|a Pazúrik, Milan,
|d 1950-
|4 aut
|9 118550
|
| 245 |
1 |
0 |
|a Chrámová pieseň
|b o festivale cirkevných speváckych zborov vo Zvolene
|c Milan Pazúrik
|
| 300 |
|
|
|b Fotogr.
|
| 611 |
2 |
7 |
|a Chrámová pieseň
|n (12. :
|d 2004 :
|c Zvolen, Slovensko)
|2 snkbucl
|9 237554
|
| 650 |
0 |
7 |
|a chrámové piesne
|2 snkbucl
|9 691818
|
| 650 |
0 |
7 |
|a zborový spev
|2 snkbucl
|9 3196
|
| 773 |
0 |
|
|t Národná osveta
|g Roč. XV, č. 2 (2005), s. 9
|x 1335-4515
|
| 852 |
|
|
|a SNK
|b KIS3GCP
|
| 999 |
|
|
|c 2194039
|d 2195969
|